Fundamental principles of reservoir engineering (Record no. 73699)
[ view plain ]
| 000 -LEADER | |
|---|---|
| fixed length control field | 01288nam a2200325Ia 4500 |
| 100 1# - MAIN ENTRY--AUTHOR NAME | |
| Personal name | Towler, Brian F. |
| 245 10 - TITLE STATEMENT | |
| Title | Fundamental principles of reservoir engineering |
| 260 ## - PUBLICATION, DISTRIBUTION, ETC. (IMPRINT) | |
| Place of publication | Richardson, Tex. : |
| Name of publisher | Henry L. Doherty Memorial Fund of AIME, Society of Petroleum Engineers, |
| Year of publication | 2002. |
| 300 ## - PHYSICAL DESCRIPTION | |
| Number of Pages | vii, 232 p. : |
| Other physical details | ill. |
| 650 #0 - SUBJECT ADDED ENTRY--TOPICAL TERM | |
| Topical Term | Oil reservoir engineering. |
| Topical Term | Petroleum engineering. |
| Topical Term | Petroleum |
| 856 40 - ELECTRONIC LOCATION AND ACCESS | |
| Uniform Resource Identifier | http://site.ebrary.com/lib/rucke/Doc?id=10619556 |
No items available.
